Spell the Marvel Character #336 - Statistics

General Stats
  • This quiz has been taken 15 times
  • The average score is 10 of 11
Answer Stats
Picture Answer % Correct
Iron Man
100%
Mister Fantastic
100%
Rogue
100%
Thing
100%
Thor
100%
Emma Frost
92%
Okoye
92%
Nick Fury
85%
Abigail Brand
77%
Marionette
77%
Energizer
54%
No matching quizzes found
Score Distribution
Percent of People with Each Score
Percentile by Number Answered
Your Score History
You have not taken this quiz